000
00314nam a2200133Ia 4500
008
231017s9999 xx 000 0 und d
082
_a
690.09
082
_b
HUD
245
0
_a
Joint sealing for buildings
245
0
_c
HQ Department of Army
260
_b
HQ Department of Army
300
_c
30cm
942
_c
REP
999
_c
606610
_d
606610